Oiseaux de France métropolitaine avec images (Partie 1) - Statistiques

Statistiques générales
  • Ce quiz a été pris 78 fois
  • Le résultat moyen est 89 sur 362
Statistiques - réponses
Par images Réponse % Correct
Canard colvert
92%
Héron cendré
74%
Oie cendrée
74%
Pigeon ramier
71%
Bernache du Canada
68%
Pic vert
68%
Pigeon biset
68%
Faucon pèlerin
66%
Mouette rieuse
66%
Cygne noir
63%
Flamant rose
63%
Grand tétras
63%
Martin-pêcheur d'Europe
63%
Pic épeiche
63%
Canard souchet
61%
Cygne tuberculé
61%
Canard mandarin
58%
Foulque macroule
58%
Pic noir
58%
Sarcelle d'hiver
58%
Tourterelle des bois
58%
Tourterelle turque
58%
Buse variable
55%
Effraie des clochers
55%
Goéland argenté
55%
Grand-duc d'Europe
55%
Hibou moyen-duc
55%
Vanneau huppé
55%
Grand Cormoran
53%
Guêpier d'Europe
53%
Huppe fasciée
53%
Perdrix rouge
53%
Faisan de Colchide
50%
Grande Aigrette
50%
Grèbe huppé
50%
Macareux moine
50%
Martinet noir
50%
Pic épeichette
50%
Sarcelle d'été
50%
Vautour fauve
50%
Aigle royal
47%
Chevêche d'Athéna
47%
Chouette hulotte
47%
Faucon crécerelle
47%
Fou de Bassan
47%
Fuligule morillon
47%
Gallinule poule d'eau
47%
Aigrette garzette
45%
Avocette élégante
45%
Bécassine des marais
45%
Bernache cravant
45%
Caille des blés
45%
Canard pilet
45%
Grue cendrée
45%
Perdrix grise
45%
Pigeon colombin
45%
Spatule blanche
45%
Tétras lyre
45%
Canard chipeau
42%
Cygne chanteur
42%
Engoulevent d'Europe
42%
Grand gravelot
42%
Gypaète barbu
42%
Harfang des neiges
42%
Huîtrier pie
42%
Milan noir
42%
Milan royal
42%
Nette rousse
42%
Petit gravelot
42%
Tadorne de Belon
42%
Vautour moine
42%
Bécasse des bois
39%
Cigogne blanche
39%
Cigogne noire
39%
Coucou gris
39%
Épervier d'Europe
39%
Martinet à ventre blanc
39%
Ouette d'Égypte
39%
Perruche à collier
39%
Canard siffleur
37%
Courlis cendré
37%
Échasse blanche
37%
Flamant nain
37%
Garrot à oeil d'or
37%
Héron pourpré
37%
Hibou des marais
37%
Oie rieuse
37%
Pic mar
37%
Pingouin torda
37%
Autour des palombes
34%
Bernache nonnette
34%
Fuligule milouin
34%
Goéland leucophée
34%
Gravelot à collier interrompu
34%
Grèbe castagneux
34%
Harle huppé
34%
Ibis sacré
34%
Oie des moissons
34%
Oie naine
34%
Pélican blanc
34%
Pluvier doré
34%
Barge rousse
32%
Butor étoilé
32%
Chevalier gambette
32%
Chevêchette d'Europe
32%
Cygne siffleur
32%
Eider à duvet
32%
Élanion blanc
32%
Goéland marin
32%
Lagopède alpin
32%
Pluvier argenté
32%
Rollier d'Europe
32%
Barge à queue noire
29%
Bécassine sourde
29%
Bondrée apivore
29%
Busard Saint-Martin
29%
Coucou geai
29%
Faisan vénéré
29%
Faucon crécerellette
29%
Héron garde-boeufs
29%
Mouette mélanocéphale
29%
Outarde canepetière
29%
Vautour percnoptère
29%
Balbuzard pêcheur
26%
Bécasseau variable
26%
Bécassine double
26%
Bernache à cou roux
26%
Bihoreau gris
26%
Busard cendré
26%
Cormoran huppé
26%
Goéland brun
26%
Harle piette
26%
Ibis falcinelle
26%
Martinet pâle
26%
Oedicnème criard
26%
Oie à bec court
26%
Oie des neiges
26%
Perdrix bartavelle
26%
Pic tridactyle
26%
Râle d'eau
26%
Râle des genêts
26%
Sterne arctique
26%
Sterne pierregarin
26%
Tadorne casarca
26%
Aigle botté
24%
Blongios nain
24%
Canard noir
24%
Chevalier arlequin
24%
Chevalier culblanc
24%
Chevalier guignette
24%
Chouette de Tengmalm
24%
Circaète Jean-le-blanc
24%
Combattant varié
24%
Courlis corlieu
24%
Ganga cata
24%
Goéland cendré
24%
Grèbe jougris
24%
Grue demoiselle
24%
Harle bièvre
24%
Petit-duc scops
24%
Pic à dos blanc
24%
Pic cendré
24%
Pygargue à queue blanche
24%
Tournepierre à collier
24%
Aigrette des récifs
21%
Bécasseau minute
21%
Bécasseau sanderling
21%
Chevalier aboyeur
21%
Crabier chevelu
21%
Érismature rousse
21%
Faucon hobereau
21%
Faucon kobez
21%
Glaréole à collier
21%
Macreuse à front blanc
21%
Macreuse brune
21%
Macreuse noire
21%
Marouette poussin
21%
Mouette blanche
21%
Mouette tridactyle
21%
Plongeon catmarin
21%
Plongeon imbrin
21%
Pluvier guignard
21%
Sarcelle marbrée
21%
Sterne caugek
21%
Sterne naine
21%
Talève sultane
21%
Busard des roseaux
18%
Faucon d'Éléonore
18%
Fuligule milouinan
18%
Fuligule nyroca
18%
Grand Héron
18%
Grèbe à cou noir
18%
Grèbe esclavon
18%
Guillemot de Troïl
18%
Harelde boréale
18%
Marouette ponctuée
18%
Martinet des maisons
18%
Outarde barbue
18%
Sarcelle à ailes bleues
18%
Torcol fourmilier
18%
Aigle des steppes
16%
Bécasseau cocorli
16%
Bécasse d'Amérique
16%
Canard à front blanc
16%
Chevalier sylvain
16%
Colin de Californie
16%
Cormoran pygmée
16%
Courlis hudsonien
16%
Eider à tête grise
16%
Engoulevent à collier roux
16%
Érismature à tête blanche
16%
Foulque caronculée
16%
Fuligule à bec cerclé
16%
Gélinotte des bois
16%
Héron vert
16%
Martinet cafre
16%
Océanite tempête
16%
Oie de toundra
16%
Pélican frisé
16%
Phalarope à bec étroit
16%
Phalarope à bec large
16%
Plongeon arctique
16%
Pluvier fauve
16%
Sarcelle à ailes vertes
16%
Sarcelle élégante
16%
Sterne caspienne
16%
Vanneau sociable
16%
Bécasseau maubèche
13%
Bécassin à bec court
13%
Bécassin à long bec
13%
Buse pattue
13%
Courvite isabelle
13%
Engoulevent d'Amérique
13%
Faucon émerillon
13%
Faucon gerfaut
13%
Faucon sacre
13%
Frégate superbe
13%
Glaréole à ailes noires
13%
Goéland pontique
13%
Gravelot kildir
13%
Guêpier de Perse
13%
Guifette moustac
13%
Guifette noire
13%
Labbe parasite
13%
Macreuse à bec jaune
13%
Marouette de Baillon
13%
Mouette de Sabine
13%
Mouette pygmée
13%
Outarde de MacQueen
13%
Phalarope de Wilson
13%
Pic de Sharpe
13%
Plongeon à bec blanc
13%
Pluvier bronzé
13%
Puffin cendré
13%
Sterne bridée
13%
Aigle criard
11%
Aigle ibérique
11%
Aigle impérial
11%
Aigle pomarin
11%
Bartramie des champs
11%
Bécasseau de Temminck
11%
Bécasseau violet
11%
Busard pâle
11%
Buse féroce
11%
Chevalier à pattes jaunes
11%
Chevalier de Sibérie
11%
Chevalier grivelé
11%
Chevalier stagnatile
11%
Chouette épervière
11%
Cormoran à aigrettes
11%
Coulicou à bec jaune
11%
Eider de Steller
11%
Faucon lanier
11%
Fou brun
11%
Fou masqué
11%
Fuligule à tête noire
11%
Fulmar boréal
11%
Goéland à ailes blanches
11%
Goéland à bec cerclé
11%
Grand Labbe
11%
Grèbe à bec bigarré
11%
Grue du Canada
11%
Guillemot à miroir
11%
Labbe à longue queue
11%
Labbe pomarin
11%
Mergule nain
11%
Océanite culblanc
11%
Puffin des Anglais
11%
Puffin fuligineux
11%
Puffin yelkouan
11%
Sterne royale
11%
Tourterelle orientale
11%
Vanneau à queue blanche
11%
Aigle de Bonelli
8%
Albatros à bec jaune
8%
Bécasseau de Bonaparte
8%
Bécasseau rousset
8%
Bécasseau semipalmé
8%
Bécassine de Wilson
8%
Chevalier bargette
8%
Chevalier criard
8%
Chevalier semipalmé
8%
Coulicou à bec noir
8%
Fou à pieds rouges
8%
Goéland d'Amérique
8%
Goéland d'Audouin
8%
Goéland dominicain
8%
Goéland railleur
8%
Gravelot pâtre
8%
Guifette leucoptère
8%
Macreuse de Sibérie
8%
Martinet ramoneur
8%
Mouette de Bonaparte
8%
Mouette de Franklin
8%
Mouette de Ross
8%
Océanite de Castro
8%
Océanite de Wilson
8%
Pluvier asiatique
8%
Puffin des Baléares
8%
Puffin de Scopoli
8%
Sterne élégante
8%
Sterne hansel
8%
Sterne voyageuse
8%
Talève d'Allen
8%
Vautour oricou
8%
Albatros à sourcils noirs
5%
Bécasseau d'Alaska
5%
Bécasseau de Baird
5%
Bécasseau falcinelle
5%
Bécasseau minuscule
5%
Chevalier solitaire
5%
Faucon concolore
5%
Garrot albéole
5%
Glaréole orientale
5%
Goéland bourgmestre
5%
Gravelot de Leschenault
5%
Gravelot tibétain
5%
Guillemot de Brünnich
5%
Héron mélanocéphale
5%
Labbe de McCormick
5%
Marouette de Caroline
5%
Pétrel géant / Pétrel de Hall
5%
Puffin de Macaronésie / Puffin de Boyd
5%
Puffin majeur
5%
Sterne de Forster
5%
Sterne fuligineuse
5%
Syrrhapte paradoxal
5%
Vautour de Rüppell
5%
Bécasseau à cou roux
3%
Bécasseau à échasses
3%
Bécasseau à longs doigts
3%
Bécasseau à queue pointue
3%
Bécasseau tacheté
3%
Blongios de Sturm
3%
Busard d'Amérique
3%
Goéland de la Vega
3%
Goéland ichthyaète
3%
Mouette atricille
3%
Océanite de Swinhoe
3%
Pétrel gongon / Pétrel des Désertas
3%
Puffin à bec grêle
3%
Sterne de Dougall
3%
Aucun quiz correspondant
Distribution des résultats
% des personnes avec chaque résultat
Percentile par nombre de réponses
Votre historique - résultats
Vous n’avez pas pris ce quiz